| 000 | 01028nam a2200253 i 4500 | ||
|---|---|---|---|
| 001 | 173246 | ||
| 003 | ES-MaACL | ||
| 005 | 20250808224237.0 | ||
| 008 | 091120s1984 ck a |||| |dspa d | ||
| 080 | _a801:061.75 | ||
| 080 | _a929 Flórez, Luis:061.75 | ||
| 245 | 0 | 0 |
_aHomenaje a Luis Flórez _b: estudios de historia cultural, dialectología, geografía lingüística, sociolingüística, fonética, gramática y lexicografía. |
| 260 |
_aBogotá : _bInstituto Caro y Cuervo, _c1984. |
||
| 300 |
_a462 p. : _bil. ; _c24 cm. |
||
| 490 | 1 |
_aBiblioteca de publicaciones del Instituto Caro y Cuervo ; _v69 |
|
| 600 | 1 | 4 |
_aFlórez, Luis, _d1916-1985 _9172431 |
| 650 | 4 |
_aLingüística. _914463 |
|
| 700 | 1 |
_aFlórez, Luis, _d1916-1985 _9172431 |
|
| 710 | 2 |
_aInstituto Caro y Cuervo. _94806 |
|
| 830 | 1 |
_aBiblioteca de publicaciones del Instituto Caro y Cuervo ; _v69 _9223500 |
|
| 852 |
_aES-MaACL _cDEPO2 _hDonat. herederos José Prat _jC-57069 |
||
| 942 |
_2udc _cMONOGRAFIA _n0 |
||
| 999 |
_c173246 _d173246 |
||